Types of piercings - Statistics

General Stats
  • This quiz has been taken 32 times
  • The average score is 11 of 26
Answer Stats
Hint Answer % Correct
ear cartilage helix
88%
nose septum
80%
lower ear lobe
76%
ear cartilage conch
72%
nose nostril
68%
ear cartilage tragus
64%
ear cartilage daith
60%
body navel
56%
body nipple
52%
ear cartilage industrial
48%
ear cartilage rook
48%
face eyebrow
44%
ear cartilage flat
40%
nose bridge
36%
ear cartilage forward helix
36%
lip medusa
32%
lip monroe
32%
body surface
32%
ear cartilage antitragus
16%
lip lip
16%
ear cartilage orbital
16%
lower ear stacked lobe
16%
lip ashley
12%
lip vertical labret
8%
ear cartilage faux rook
4%
lip philtrum
4%
No matching quizzes found
Score Distribution
Percent of People with Each Score
Percentile by Number Answered
Your Score History
You have not taken this quiz